| 000 | 00530nam a2200193 a 4500 | ||
|---|---|---|---|
| 005 | 20241129063742.0 | ||
| 008 | 991125s1992 mx 000 0 spa u | ||
| 020 | _a9684940513 | ||
| 035 | _aUPN01000014705 | ||
| 049 | _aI | ||
| 050 | 4 |
_aPZ71 _bF6.4 |
|
| 100 | 1 |
_aForcada, Alberto, _d1969- _932572 |
|
| 245 | 1 | 0 |
_aDespertar / _cAlberto Forcada. |
| 260 |
_aMéxico : _bCIDCI : _bCNCA, _c1992. |
||
| 300 |
_a[20] p. : _bil. col. |
||
| 440 | 0 |
_aReloj de versos ; _v10 |
|
| 650 | 4 |
_aPoesía infantil mexicana _91260 |
|
| 905 | _aInfantil | ||
| 999 |
_c14705 _d14705 |
||